00656 2200229 4500001002100000005001500021035002000036007000300056008004100059020002200100082001100122084001700133100002600150245010100176250000900277260003800286300002800324650001000352700001400362520004000376990001000416INLIS00000000000000920170830024830 a0010-0817000008ta170830 f i ind  a978-979-25-4768-9 a297.34 a297.34 AKH d0 aAkhmad Muhaimin Azzet1 aDahsyatnya Ramadhan :bPanduan meraih keutamaan dibulan suci /cAhmad Muhaimin Azzet ; Aziz Safa aed 4 aJogjakarta :bDarul Hikmah,c2014 a128 hlm ;c13,5 x 20 cm aAgama0 aAziz Safa aPanduan meraih keutamaan bulan suci a15450